000 00878nab a2200253 u 4500
001 13216
003 HDC
007 cr bn ---aaaaa
008 210212c my dr|nes 0 |0eng
040 _aHDC
100 _aMohd Hamizar Hamid,
_eauthor
_98823
245 0 _aIndustri halal diperkukuh - Mustapa /
_cby Mohd Hamizar Hamid dan Nurhayati Abllah
260 _a[no place] :
_b[publisher not identified],
_c[no year]
336 _atext
_2rdacontent
337 _acomputer
_2rdamedia
338 _aonline resource
_2rdacarrier
650 _aHalal certificate
_9482
650 _aHalal industry
_9144
710 _aBerita Harian Online
856 _zRequest full-text at [email protected]
942 _2lcc
942 _cNEWS
942 _kNWSO 002870
999 _c10532
_d10532